Texturen metallisher Werkstoffe: mit 184 Abbidungen im Text

Dettagli Bibliografici
Autore principale: Wassermann G.
Lingua:tedesco
Pubblicazione: Berlin, Verlag von Julius springer, 1939
Soggetti:
Natura: MixedMaterials Libro
KOHA link:https://koha.lib.tpu.ru/cgi-bin/koha/opac-detail.pl?biblionumber=146987

MARC

LEADER 00000nam0a2200000 4500
001 146987
005 20231031144846.0
035 |a (RuTPU)RU\TPU\book\159327 
090 |a 146987 
100 |a 20081107d1939 k y0gery50 ba 
101 0 |a ger 
102 |a DE 
105 |a a z 001zy 
200 1 |a Texturen metallisher Werkstoffe  |e mit 184 Abbidungen im Text  |f G. Wassermann 
210 |a Berlin  |c Verlag von Julius springer  |d 1939 
215 |a 194 s.  |c il. 
317 |5 63413507: 270499  |a Культурные ценности, перемещенные в СССР в результате Второй мировой войны 
320 |a Namenverzeichnis: p. 190-192. 
610 1 |a металлы 
610 1 |a металловедение 
610 1 |a металлические материалы 
610 1 |a структура 
610 1 |a текстуры 
610 1 |a немецкий язык 
675 |a 669.017.16  |v 3 
700 1 |a Wassermann  |b G. 
801 1 |a RU  |b 63413507  |c 20081107  |g PSBO 
801 2 |a RU  |b 63413507  |c 20090212  |g PSBO 
942 |c BK